=LDR 00000nam 2200000 4500 =001 INLIS000000000809728 =008 ###################################ind## =035 ##$$a 0010-0825000221 =245 ##$$a Indonesia Di Pertemuan 3 Lempeng Tektonik / $c Eni Anjayani =260 ##$$b Cempaka Putih =020 ##$$a 397994157637 =084 ##$$a 500 NI i =082 ##$$a 500